| 000 | 00906cab a2200265 4500 | ||
|---|---|---|---|
| 001 | ABS46662 | ||
| 008 | 090401t1992 xxu||||| |||| 00| 0 eng d | ||
| 035 | _a(Sirsi) u59062 | ||
| 041 | _aeng | ||
| 100 | _aRawstone, M.G. | ||
| 245 | _aMilk marketing and the EC Commission | ||
| 260 | _c1992 | ||
| 350 | _a0 | ||
| 490 |
_aLaw Society`s Gazette _v89(22) 10 June 1992, 26-28(3) |
||
| 520 | _aExamines the background to current action by the European Commission against the Milk Marketing Board`s alleged extension of its powers by including within its purchasing monopoly low fat milks processed by dairy farms or on their behalf by a dairy. | ||
| 650 | _aAGRICULTURAL MARKETING ACT 1933 | ||
| 650 | _aCRICKET ST THOMAS CASE | ||
| 650 | _aDAIRY FARMS | ||
| 650 | _aEC REGULATIONS | ||
| 650 | _aEC | ||
| 650 | _aMONOPOLIES | ||
| 690 | _aRURAL PRACTICE | ||
| 942 | _n0 | ||
| 948 | _c04/03/1997 | ||
| 999 |
_c36174 _d36174 |
||